LEADER 01206nam0-2200313---450- 001 990009287390403321 005 20101129200223.0 035 $a000928739 035 $aFED01000928739 035 $a(Aleph)000928739FED01 035 $a000928739 100 $a20101129d2008----km-y0itay50------ba 101 0 $aita 102 $aIT 105 $ay-------101yy 200 1 $a<>decreti legislativi di attuazione della III direttiva in materia di antiriciclaggio ed antiterrorismo nell'attivitą notarile$fFondazione italiana per il notariato 210 $aMilano$cIl Sole 24 Ore$d2008 215 $a169 p.$d24 cm 300 $aSuppl. a: I quaderni della fondazione italiana per il notariato n. 2/2008 300 $aAtti del convegno del 26 gennaio 2008, organizzato dal Consiglio Notarile di Firenze 676 $a345.450268$v21$zita 710 02$aFondazione italiana per il notariato$0302028 801 0$aIT$bUNINA$gRICA$2UNIMARC 901 $aBK 912 $a990009287390403321 952 $aXII D 370$b51443*$fFGBC 959 $aFGBC 996 $aDecreti legislativi di attuazione della III direttiva in materia di antiriciclaggio ed antiterrorismo nell'attivitą notarile$9769861 997 $aUNINA LEADER 01085nam--2200385---450- 001 990003192780203316 005 20090415135231.0 010 $a88-901310-7-1 035 $a000319278 035 $aUSA01000319278 035 $a(ALEPH)000319278USA01 035 $a000319278 100 $a20090204d2006----km-y0itay50------ba 101 $aita 102 $aIT 105 $a||||||||001yy 200 1 $aAmalfi e i Normanni$fFulvio Izzo 210 $a[S.l.]$cTerra del Sole$d2006 215 $a175 p.$d21 cm 410 0$12001 454 0$12001 607 $aAmalfi$xDominazione normanna$zSec. 12.-13.$2BNCF 676 $a945.7423 700 1$aIZZO,$bFulvio$0603111 801 0$aIT$bsalbc$gISBD 912 $a990003192780203316 951 $aXV.1.A. 1312$b213462 L.M.$cXV.1.A.$d00186448 951 $aS IV g 100$bDLM$cS IV g 959 $aBK 969 $aUMA 979 $aALESSANDRA$b90$c20090204$lUSA01$h1026 979 $aALESSANDRA$b90$c20090204$lUSA01$h1031 979 $aDILAM1$b90$c20090415$lUSA01$h1352 996 $aAmalfi e i Normanni$91016018 997 $aUNISA